Normal view
MARC view
- Weihrich H
Entry Personal Name
001 - CONTROL NUMBER
- control field: 109450
003 - CONTROL NUMBER IDENTIFIER
- control field: OSt
005 - DATE AND TIME OF LATEST TRANSACTION
- control field: 20230125043511.0
008 - FIXED-LENGTH DATA ELEMENTS
- fixed length control field: 230125|| aca||aabn | a|a d
040 ## - CATALOGING SOURCE
- Original cataloging agency: OSt
- Transcribing agency: OSt
100 ## - HEADING--PERSONAL NAME
- Personal name: Weihrich H
670 ## - SOURCE DATA FOUND
- Source citation: Work cat.: (OSt)86142: Weihrich H, Essentials of management : An international perspectives, 2004